000 01415nam a22003617a 4500
003 CHAP
005 20220329143533.0
008 100421s2009 mx r 00010 spa d
010 _a98205
011 _a99177
035 _a109862
040 _cCHAP
090 _aFolleto 17635
110 2 _aUACH. Subdirección de Planes y Programas de Estudio
_9115969
245 1 0 _aReglamento general para la autorización, aprobación y registro de planes y programas de estudio
_c/por UACH. Subdirección de Planes y Programas de Estudio
260 _aChapingo, Méx. :
_bUACH. Subdirección de Planes y Programas de Estudio,
_c2009
300 _a38 p.
590 _aBATCH-UPD
_b10
_c20130110
_lUCH01
_h1710
590 _aBATCH-UPD
_b10
_c20130410
_lUCH01
_h1056
590 _aBATCH-UPD
_b10
_c20130914
_lUCH01
_h1243
590 _aCONVERSION
_b10
_c20130109
_lUCH01
_h1354
650 1 4 _aEducación agrícola
_xLeyes.
_935532
650 1 4 _aPlanes de estudio.
_988732
650 1 4 _aUniversidades
_xLeyes.
_9116653
650 1 4 _aUniversidades
_xReglamentos.
_9116660
901 _aBK
911 _aen proceso
942 _cFOLL
949 _aFolleto 17635
_bBC
_cFOLL
_d33724002168298
_eTS2
_fc.4
_i109862
_sb
949 _aFolleto 17635
_bBC
_cFOLL
_d33724002168330
_eTS2
_fc.3
_i109862
_sb
949 _aFolleto 17635
_bBC
_cFOLL
_d33724002168413
_eTS2
_fc.2
_i109862
_sb
949 _aFolleto 17635
_bBC
_cUACH
_d33724002168371
_eUACH
_i109862
_sb
999 _c98205
_d98205